000 00482nam a22001337a 4500
040 _cNUST
082 _a220 PRO
100 _aMuhammad Usman Afsar Talha Saleem Waleed Khan Umar Saeed
_9100367
110 _aProject Supervisor: Dr. Mohsin Islam Tiwana Dr Tahir Nawaz LE Sehrish Shahnawaz
_9100368
245 _aPR-SOF-2139-Design of Passive Configurable Prosthetic Knee Joint
260 _aISLAMABAD:
_bNUST COLLEGE OF EME,
_c2022.
650 _aDE-MTS-40
_998604
942 _2ddc
_cPR
999 _c591835
_d591835